[Event "North Island-ch"]
[Site "Wellington"]
[Date "2019.04.22"]
[Round "8"]
[White "Goodhue, Nathan"]
[Black "Tanoi, Toleafoa E"]
[Result "1/2-1/2"]
[WhiteElo "1985"]
[BlackElo "1967"]
[PlyCount "47"]
[EventDate "2019.04.19"]
[EventType "swiss"]
[EventRounds "8"]
[EventCountry "NZL"]
[SourceTitle "EXT 2020"]
[Source "ChessBase"]
[SourceDate "2019.10.17"]
[SourceVersion "1"]
[SourceVersionDate "2019.10.17"]
[SourceQuality "1"]

1. Nf3 c5 2. b3 Nf6 3. Bb2 g6 4. g3 Bg7 5. Bg2 Nc6 6. e4 d6 7. 0-0 0-0 8. Re1 e5 9. c4 Ng4 10. Nc3 f5 11. d3 f4 12. Nd5 g5 13. h3 Nh6 14. g4 Be6 15. Nh2 Ne7 16. Nxe7+ Qxe7 17. f3 Nf7 18. Re2 Nh8 19. Bc3 Ng6 20. a3 Nh4 21. Be1 Ng6 22. b4 b6 23. b5 a5 24. Bf2 1/2-1/2

[Event "North Island-ch"]
[Site "Wellington"]
[Date "2019.04.22"]
[Round "7"]
[White "He, Caleb"]
[Black "Goodhue, Nathan"]
[Result "1/2-1/2"]
[WhiteElo "1670"]
[BlackElo "1985"]
[PlyCount "66"]
[EventDate "2019.04.19"]
[EventType "swiss"]
[EventRounds "8"]
[EventCountry "NZL"]
[SourceTitle "EXT 2020"]
[Source "ChessBase"]
[SourceDate "2019.10.17"]
[SourceVersion "1"]
[SourceVersionDate "2019.10.17"]
[SourceQuality "1"]

1. e4 c6 2. d4 d5 3. Nc3 dxe4 4. Nxe4 h6 5. Nf3 Bf5 6. Ng3 Bh7 7. Bd3 Bxd3 8. Qxd3 Nf6 9. Ne4 Nbd7 10. Bf4 Nxe4 11. Qxe4 e6 12. 0-0-0 Qa5 13. Kb1 Qd5 14. Qd3 b5 15. Rhe1 Bd6 16. Bxd6 Qxd6 17. Ne5 0-0 18. Qc3 Rac8 19. Nxd7 Qxd7 20. Re5 Rfd8 21. Rd3 Qd6 22. Qc5 f6 23. Qxd6 Rxd6 24. Rc5 Rd5 25. Kc1 Kf7 26. Rxd5 cxd5 27. Ra3 Rc7 28. Ra5 Rb7 29. c3 Kg6 30. a3 h5 31. Kd2 Kf5 32. Ke3 g5 33. h3 Kg6 1/2-1/2

[Event "George Trundle Qualifiers"]
[Site "Auckland"]
[Date "2019.01.06"]
[Round "4"]
[White "Duneas, John"]
[Black "Goodhue, Nathan"]
[Result "1/2-1/2"]
[WhiteElo "2044"]
[BlackElo "2003"]
[PlyCount "32"]
[EventDate "2019.01.04"]
[EventType "tourn"]
[EventRounds "9"]
[EventCountry "NZL"]
[SourceTitle "CBM 189 Extra"]
[Source "ChessBase"]
[SourceDate "2019.06.03"]
[SourceVersion "1"]
[SourceVersionDate "2019.06.03"]
[SourceQuality "1"]

1. d4 Nf6 2. Bf4 e6 3. e3 Bd6 4. Bxd6 cxd6 5. Nc3 d5 6. Bd3 b6 7. Qe2 Nc6 8. a3 Bb7 9. Nf3 0-0 10. 0-0 d6 11. e4 dxe4 12. Nxe4 Nb8 13. Rfe1 Bxe4 14. Bxe4 Nxe4 15. Qxe4 Nd7 16. c3 Nf6 1/2-1/2

[Event "George Trundle Qualifiers"]
[Site "Auckland"]
[Date "2019.01.05"]
[Round "3"]
[White "Morrell, Gordon"]
[Black "Goodhue, Nathan"]
[Result "1/2-1/2"]
[WhiteElo "2086"]
[BlackElo "2003"]
[PlyCount "80"]
[EventDate "2019.01.04"]
[EventType "tourn"]
[EventRounds "9"]
[EventCountry "NZL"]
[SourceTitle "CBM 189 Extra"]
[Source "ChessBase"]
[SourceDate "2019.06.03"]
[SourceVersion "1"]
[SourceVersionDate "2019.06.03"]
[SourceQuality "1"]

1. Nf3 c5 2. e4 d6 3. d4 cxd4 4. Nxd4 Nf6 5. Nc3 a6 6. Bg5 b5 7. Bxf6 gxf6 8. Qh5 Qb6 9. 0-0-0 Nc6 10. Nd5 Qb7 11. Nxc6 Qxc6 12. Rd3 Be6 13. Rc3 Bxd5 14. Rxc6 Bxc6 15. Bd3 Rg8 16. Rg1 Rg6 17. Qe2 e5 18. Kb1 Be7 19. c4 Rb8 20. cxb5 axb5 21. Rc1 Bd7 22. Qe3 Rb7 23. g3 Bd8 24. Qe2 Ke7 25. f4 Rg7 26. f5 Rg5 27. Rc3 b4 28. Rc1 Bb6 29. Bb5 Bc5 30. Bxd7 Rxd7 31. Qb5 Rc7 32. Qb8 Rd7 33. Qa8 h5 34. Qd5 Rc7 35. Qd3 Rg4 36. Rd1 Bd4 37. Qf3 Rg5 38. Qb3 Bc5 39. Qf3 Bd4 40. Rc1 Bc5 1/2-1/2

[Event "George Trundle Qualifiers"]
[Site "Auckland"]
[Date "2018.07.10"]
[Round "4"]
[White "Punsalan, Vyanla M"]
[Black "Goodhue, Nathan"]
[Result "0-1"]
[WhiteElo "1892"]
[BlackElo "1939"]
[PlyCount "62"]
[EventDate "2018.07.07"]
[EventType "tourn"]
[EventRounds "9"]
[EventCountry "NZL"]
[SourceTitle "EXT 2019"]
[Source "ChessBase"]
[SourceDate "2018.10.10"]
[SourceVersion "1"]
[SourceVersionDate "2018.10.10"]
[SourceQuality "1"]

1. e4 c5 2. c3 e5 3. Bc4 d6 4. d3 Nc6 5. Nf3 h6 6. h3 Nf6 7. Be3 Qd7 8. a4 Qe7 9. Nbd2 g6 10. Nf1 Bg7 11. Qd2 b6 12. Ng3 Be6 13. Bxe6 Qxe6 14. 0-0 d5 15. Qc1 d4 16. Bd2 dxc3 17. bxc3 Rd8 18. Qc2 0-0 19. Ne1 c4 20. dxc4 Qxc4 21. Rc1 Rd7 22. Be3 Rfd8 23. f4 exf4 24. Rxf4 Qe6 25. Rf1 Re7 26. Nd3 Nxe4 27. Rce1 Nxg3 28. Bxb6 Ne2+ 29. Rxe2 Qxe2 30. Qxe2 Rxe2 31. Bxd8 Nxd8 0-1

[Event "Auckland Trusts op 41st"]
[Site "Auckland"]
[Date "2018.06.03"]
[Round "4"]
[White "Garbett, Paul Anthony"]
[Black "Goodhue, Nathan"]
[Result "1-0"]
[WhiteElo "2335"]
[BlackElo "2056"]
[PlyCount "111"]
[EventDate "2018.06.02"]
[EventType "swiss"]
[EventRounds "6"]
[EventCountry "NZL"]
[SourceTitle "EXT 2019"]
[Source "ChessBase"]
[SourceDate "2018.10.10"]
[SourceVersion "1"]
[SourceVersionDate "2018.10.10"]
[SourceQuality "1"]

1. e4 g6 2. d4 Bg7 3. Nc3 c6 4. Bc4 e6 5. e5 d5 6. exd6 Qxd6 7. Nf3 b5 8. Ne4 Qe7 9. Bd3 Nf6 10. 0-0 Nxe4 11. Bxe4 Bb7 12. Re1 0-0 13. c3 Nd7 14. Bg5 f6 15. Bf4 Nb6 16. Qb3 Qd7 17. Rad1 Rfe8 18. Bc1 a5 19. Nd2 a4 20. Qc2 Nc4 21. Nxc4 bxc4 22. Qe2 Ba6 23. Qf3 Rac8 24. h4 f5 25. Bc2 Bb5 26. h5 Qe7 27. Qg3 Kf7 28. Bf4 Bf6 29. b3 axb3 30. axb3 Ra8 31. Bd6 Bh4 32. Qe5 Bf6 33. hxg6+ hxg6 34. Qh2 Qd8 35. Qh7+ Bg7 36. Be5 Rg8 37. bxc4 Bxc4 38. Rb1 Ba6 39. f4 Qf8 40. Re3 Rh8 41. Qxg7+ Qxg7 42. Bxg7 Kxg7 43. Rxe6 Rhc8 44. Rb6 Bb5 45. Rb7+ Kh6 46. Bxf5 Rg8 47. g4 Rg7 48. g5+ Kh7 49. Bxg6+ Kh8 50. Rxg7 Kxg7 51. f5 Ra1+ 52. Kg2 Rc1 53. Re7+ Kf8 54. f6 c5 55. Rh7 Bc6+ 56. Kf2 1-0

[Event "Wellington op"]
[Site "Wellington"]
[Date "2018.04.01"]
[Round "6"]
[White "Goodhue, Nathan"]
[Black "James, Jack"]
[Result "1/2-1/2"]
[WhiteElo "1915"]
[BlackElo "2019"]
[PlyCount "104"]
[EventDate "2018.03.30"]
[EventType "swiss"]
[EventRounds "6"]
[EventCountry "NZL"]
[SourceTitle "EXT 2019"]
[Source "ChessBase"]
[SourceDate "2018.10.10"]
[SourceVersion "1"]
[SourceVersionDate "2018.10.10"]
[SourceQuality "1"]

1. Nf3 Nf6 2. c4 c6 3. d4 d5 4. cxd5 cxd5 5. Nc3 e6 6. e3 Be7 7. Bd3 0-0 8. 0-0 Nbd7 9. Qe2 b6 10. b3 Bb7 11. Bb2 Qb8 12. Rac1 a6 13. a4 Bd6 14. e4 Bf4 15. Rc2 dxe4 16. Nxe4 Nxe4 17. Bxe4 Bxe4 18. Qxe4 Nf6 19. Qd3 Nd5 20. Ba3 Rc8 21. Rxc8+ Qxc8 22. g3 Bh6 23. Ne5 Ra7 24. Ng4 Bg5 25. h4 Bd8 26. Rc1 Qa8 27. Ne5 Bf6 28. Ng4 Rc7 29. Nxf6+ gxf6 30. Rxc7 Nxc7 31. Qc2 Nd5 32. a5 bxa5 33. Qc5 Qd8 34. Qc6 Nb4 35. Qc5 Nd5 36. Qc6 Nb4 37. Qc5 Qd5 38. Bxb4 axb4 39. Qxb4 Kg7 40. Qc3 a5 41. Qe3 a4 42. bxa4 Qa2 43. Qf4 Qxa4 44. Qg4+ Kf8 45. Qf4 Kg7 46. Qg4+ Kf8 47. Qf4 Kg7 48. Qg4+ Kf8 49. Qf4 Ke7 50. Qc7+ Ke8 51. Qc8+ Ke7 52. Qc7+ Ke8 1/2-1/2

[Event "Wellington op"]
[Site "Wellington"]
[Date "2018.03.30"]
[Round "2"]
[White "Goodhue, Nathan"]
[Black "Ker, Anthony F"]
[Result "0-1"]
[WhiteElo "1915"]
[BlackElo "2307"]
[PlyCount "102"]
[EventDate "2018.03.30"]
[EventType "swiss"]
[EventRounds "6"]
[EventCountry "NZL"]
[SourceTitle "EXT 2019"]
[Source "ChessBase"]
[SourceDate "2018.10.10"]
[SourceVersion "1"]
[SourceVersionDate "2018.10.10"]
[SourceQuality "1"]

1. b3 e5 2. Bb2 Nc6 3. e3 a6 4. d4 exd4 5. exd4 d5 6. Nf3 Nf6 7. a3 Bd6 8. Bd3 0-0 9. 0-0 Bg4 10. Nbd2 Re8 11. c3 Ne4 12. Qc2 Re6 13. Nxe4 dxe4 14. Bxe4 Bxf3 15. Bxf3 Bxh2+ 16. Kxh2 Qh4+ 17. Kg1 Rh6 18. Bh5 Qxh5 19. f3 Re8 20. Rfe1 Qh2+ 21. Kf2 Rhe6 22. Rxe6 Rxe6 23. Rg1 Ne7 24. Bc1 g6 25. Qd2 Nd5 26. Re1 Qh4+ 27. Kf1 Rxe1+ 28. Qxe1 Qxe1+ 29. Kxe1 Nxc3 30. Kd2 Nd5 31. Kd3 c6 32. Kc4 Kf8 33. b4 Ke7 34. a4 Nb6+ 35. Kb3 Kd6 36. a5 Nd5 37. Kc4 f5 38. Bd2 f4 39. Kd3 g5 40. Ke4 Ke6 41. Kd3 h5 42. Kc4 g4 43. Kc5 gxf3 44. gxf3 h4 45. Bxf4 Nxf4 46. Kb6 h3 47. Kxb7 h2 48. Kxa6 h1Q 49. Kb6 Kd6 50. a6 Nd5+ 51. Kb7 Qh7+ 0-1

[Event "NZL-ch op rapid"]
[Site "Palmerston North"]
[Date "2018.01.10"]
[Round "2"]
[White "Hague, Ben"]
[Black "Goodhue, Nathan"]
[Result "1-0"]
[WhiteElo "2347"]
[BlackElo "1977"]
[PlyCount "87"]
[EventDate "2018.01.10"]
[EventType "swiss (rapid)"]
[EventRounds "9"]
[EventCountry "NZL"]
[SourceTitle "EXT 2019"]
[Source "ChessBase"]
[SourceDate "2018.10.10"]
[SourceVersion "1"]
[SourceVersionDate "2018.10.10"]
[SourceQuality "1"]

1. e4 e6 2. d4 d5 3. Nc3 Bb4 4. e5 c5 5. a3 Bxc3+ 6. bxc3 Qc7 7. Qg4 f5 8. Qh5+ Qf7 9. Qxf7+ Kxf7 10. dxc5 Nc6 11. Nf3 Nge7 12. c4 dxc4 13. Bxc4 h6 14. 0-0 g5 15. Re1 Rd8 16. h3 Nd4 17. Nxd4 Rxd4 18. Bb3 Rd8 19. h4 Kg6 20. hxg5 hxg5 21. Bb2 Kf7 22. Rad1 Bd7 23. Rd6 Nc8 24. Bxe6+ Bxe6 25. Rxd8 Nb6 26. Rxa8 Nxa8 27. Rd1 Nc7 28. Rd8 Ke7 29. Rh8 Kd7 30. Bc1 g4 31. Be3 Kc6 32. Kh2 Nb5 33. Rh6 Kd5 34. a4 Na3 35. c3 Nc4 36. Bd4 Bd7 37. Rh7 Kc6 38. Kg3 Nb2 39. Rh6+ Kc7 40. e6 Bxa4 41. Rh7+ Kc8 42. Be5 Bc6 43. Bd6 Be8 44. Rc7+ 1-0

[Event "Asia-ch Seniors 50 8th"]
[Site "Auckland"]
[Date "2017.10.13"]
[Round "7"]
[White "Wong, Ngiam Yee"]
[Black "Goodhue, Nathan"]
[Result "1-0"]
[WhiteElo "1957"]
[BlackElo "1976"]
[PlyCount "149"]
[EventDate "2017.10.09"]
[EventType "swiss"]
[EventRounds "9"]
[EventCountry "NZL"]
[SourceTitle "CBM 181 Extra"]
[Source "ChessBase"]
[SourceDate "2017.12.12"]
[SourceVersion "1"]
[SourceVersionDate "2017.12.12"]
[SourceQuality "1"]

1. e4 g6 2. d4 Bg7 3. g3 b6 4. Bg2 Bb7 5. Ne2 f5 6. f3 e6 7. Nbc3 Ne7 8. 0-0 0-0 9. Be3 d5 10. e5 h6 11. h4 Qd7 12. g4 Nbc6 13. g5 h5 14. f4 Kf7 15. Ng3 Rh8 16. Bf3 Kf8 17. Nxh5 gxh5 18. Bxh5 Ng8 19. Kf2 Ke7 20. Rh1 Qd8 21. Be2 a6 22. Qd2 Kd7 23. h5 Kc8 24. Rh3 Kb8 25. Rah1 Nh6 26. gxh6 Bxh6 27. Rg1 Qd7 28. Rg6 Ne7 29. Rg2 Ka7 30. Ke1 Rac8 31. b3 Rhd8 32. Rg1 c5 33. Na4 c4 34. c3 Bc6 35. Nb2 b5 36. b4 a5 37. a3 axb4 38. axb4 Kb7 39. Bf2 Ra8 40. Nd1 Ra1 41. Bh4 Rda8 42. Bxe7 Qxe7 43. Rg6 R1a2 44. Qe3 Rh8 45. Qg3 Be8 46. Rg5 Bxg5 47. Qxg5 Qxg5 48. fxg5 Ra8 49. Kf2 Kc7 50. Kg3 Ra2 51. Bf3 Kd7 52. g6 Bxg6 53. hxg6 Rxh3+ 54. Kxh3 Ke7 55. Kh4 Kf8 56. Kg5 Kg7 57. Ne3 Rf2 58. Bxd5 Re2 59. Kf4 exd5 60. Nxf5+ Kxg6 61. Ne7+ Kf7 62. Nxd5 Rc2 63. Kf5 Rf2+ 64. Nf4 Rf3 65. e6+ Ke8 66. Ke5 Rxc3 67. Kd6 Ra3 68. Nd5 Ra6+ 69. Ke5 Ra7 70. Nc3 Rh7 71. Kd6 Rh6 72. Nxb5 Rg6 73. d5 Rg7 74. Ke5 Rb7 75. Nd6+ 1-0

[Event "Asia-ch Seniors 50 8th"]
[Site "Auckland"]
[Date "2017.10.11"]
[Round "4"]
[White "Goodhue, Nathan"]
[Black "Kempen, Leon JP"]
[Result "1/2-1/2"]
[WhiteElo "1976"]
[BlackElo "1892"]
[PlyCount "54"]
[EventDate "2017.10.09"]
[EventType "swiss"]
[EventRounds "9"]
[EventCountry "NZL"]
[SourceTitle "CBM 181 Extra"]
[Source "ChessBase"]
[SourceDate "2017.12.12"]
[SourceVersion "1"]
[SourceVersionDate "2017.12.12"]
[SourceQuality "1"]

1. b3 d5 2. Bb2 Bg4 3. h3 Bh5 4. d3 c5 5. g4 Bg6 6. Bg2 Nc6 7. Nc3 e6 8. e4 d4 9. Nce2 e5 10. Ng3 Qa5+ 11. Kf1 f6 12. N1e2 Bf7 13. a4 g6 14. h4 Bg7 15. Bh3 0-0-0 16. Kg2 Kb8 17. Bc1 Nge7 18. f4 exf4 19. Nxf4 Ne5 20. Bd2 Qb6 21. Rf1 Rhf8 22. Qe2 Qd6 23. Rf2 Bg8 24. Raf1 N7c6 25. h5 Ka8 26. Kh2 Rde8 27. Kg2 Rd8 1/2-1/2

[Event "George Trundle Qualifiers"]
[Site "Auckland"]
[Date "2017.10.02"]
[Round "3"]
[White "Milligan, Helen"]
[Black "Goodhue, Nathan"]
[Result "1/2-1/2"]
[WhiteElo "2007"]
[BlackElo "1976"]
[PlyCount "85"]
[EventDate "2017.09.30"]
[EventType "tourn"]
[EventRounds "9"]
[EventCountry "NZL"]
[SourceTitle "CBM 181 Extra"]
[Source "ChessBase"]
[SourceDate "2017.12.12"]
[SourceVersion "1"]
[SourceVersionDate "2017.12.12"]
[SourceQuality "1"]

1. e4 c5 2. Nf3 Nc6 3. Bb5 e5 4. Bxc6 dxc6 5. d3 Bd6 6. Nbd2 f6 7. Nc4 Be6 8. Nxd6+ Qxd6 9. Be3 Ne7 10. Qd2 b6 11. a4 a5 12. h3 0-0-0 13. 0-0-0 Kb7 14. Qc3 h5 15. Nd2 Nc8 16. Nc4 Bxc4 17. Qxc4 Qe7 18. f4 Nd6 19. Qb3 Qf7 20. Qxf7+ Nxf7 21. f5 Nd6 22. b3 Kc7 23. g4 hxg4 24. hxg4 Nf7 25. Rdg1 Rxh1 26. Rxh1 Rh8 27. Rxh8 Nxh8 28. g5 Nf7 29. g6 Nd6 30. Kb2 Ne8 31. Ka3 Kb7 32. c3 Nd6 33. Bf2 Ka6 34. Bh4 Ne8 35. b4 cxb4+ 36. cxb4 c5 37. b5+ Kb7 38. Kb3 Kc7 39. Kc4 Kd6 40. Be1 Nc7 41. Bf2 Ne8 42. Be3 Nc7 43. Bc1 1/2-1/2

[Event "Waitakere Trusts op 40th"]
[Site "Waitakere"]
[Date "2017.06.05"]
[Round "5"]
[White "Goodhue, Nathan"]
[Black "Morrell, Gordon"]
[Result "1-0"]
[WhiteElo "1988"]
[BlackElo "2081"]
[PlyCount "89"]
[EventDate "2017.06.03"]
[EventType "swiss"]
[EventRounds "6"]
[EventCountry "NZL"]
[SourceTitle "EXT 2018"]
[Source "ChessBase"]
[SourceDate "2017.10.13"]
[SourceVersion "1"]
[SourceVersionDate "2017.10.13"]
[SourceQuality "1"]

1. b3 e5 2. Bb2 Nc6 3. c4 Nf6 4. Nc3 d5 5. cxd5 Nxd5 6. g3 Be6 7. Bg2 Be7 8. Nf3 f5 9. Nxd5 Bxd5 10. 0-0 Bf6 11. d3 0-0 12. a3 Re8 13. e3 Qd7 14. e4 Be6 15. Qc2 Rad8 16. Ne1 f4 17. b4 g5 18. Rd1 Qf7 19. Qe2 g4 20. f3 h5 21. fxg4 hxg4 22. gxf4 exf4 23. e5 Bg5 24. Bxc6 bxc6 25. Bc1 Qf5 26. Bxf4 Bxf4 27. Ng2 Bxh2+ 28. Kxh2 Qh5+ 29. Kg1 Bd5 30. Rde1 Bf3 31. Qe3 Re6 32. Qf4 Rh6 33. Kf2 Rf8 34. Qg3 Bd1+ 35. Ke3 Qg5+ 36. Kd4 Rd8+ 37. Ke4 Qg6+ 38. Rf5 Bf3+ 39. Kf4 Rxd3 40. Qf2 Rh2 41. Rg5 Qxg5+ 42. Kxg5 Rh5+ 43. Kg6 Rh2 44. Qxa7 Rxg2 45. Qa8+ 1-0

[Event "Waitakere Trusts op 40th"]
[Site "Waitakere"]
[Date "2017.06.04"]
[Round "3"]
[White "Goodhue, Nathan"]
[Black "Zhang, Jasmine Haomo"]
[Result "1/2-1/2"]
[WhiteElo "1988"]
[BlackElo "1861"]
[PlyCount "103"]
[EventDate "2017.06.03"]
[EventType "swiss"]
[EventRounds "6"]
[EventCountry "NZL"]
[SourceTitle "EXT 2018"]
[Source "ChessBase"]
[SourceDate "2017.10.13"]
[SourceVersion "1"]
[SourceVersionDate "2017.10.13"]
[SourceQuality "1"]

1. f4 d5 2. b3 c5 3. Nf3 Nc6 4. Bb2 Bf5 5. e3 h6 6. Bb5 e6 7. Bxc6+ bxc6 8. d3 Nf6 9. Nbd2 Be7 10. Qe2 Bh7 11. Ne5 Qb6 12. Rb1 Rb8 13. 0-0 Qc7 14. Ng4 Nxg4 15. Qxg4 Rg8 16. Be5 Bd6 17. Bxd6 Qxd6 18. Qf3 Kd7 19. e4 Rbf8 20. e5 Qe7 21. a3 a5 22. Qf2 Ra8 23. Rb2 Rgb8 24. Rfb1 Kc7 25. Nf3 Ra6 26. Qd2 c4 27. b4 cxd3 28. cxd3 axb4 29. axb4 Kd8 30. Qc3 Qa7+ 31. Nd4 Rc8 32. Kf2 Ra3 33. Rb3 Ra2+ 34. R1b2 Rxb2+ 35. Rxb2 Qb6 36. Ke3 Qa6 37. Rc2 Kd7 38. Nb3 Qb5 39. Nc5+ Ke8 40. Qa3 Rb8 41. Rb2 Bg6 42. Qa7 d4+ 43. Kd2 Rd8 44. Qb7 Bxd3 45. Qxb5 Bxb5 46. Nb7 Ra8 47. Nd6+ Ke7 48. Nxb5 cxb5 49. Kd3 Rd8 50. Rc2 Rd5 51. Rc7+ Ke8 52. Rb7 1/2-1/2

[Event "Wellington Easter op"]
[Site "Wellington"]
[Date "2017.04.16"]
[Round "6"]
[White "Goodhue, Nathan"]
[Black "Cooper, Nigel"]
[Result "1-0"]
[WhiteElo "1998"]
[BlackElo "1681"]
[PlyCount "57"]
[EventDate "2017.04.14"]
[EventType "swiss"]
[EventRounds "6"]
[EventCountry "NZL"]
[SourceTitle "CBM 178 Extra"]
[Source "ChessBase"]
[SourceDate "2017.06.22"]
[SourceVersion "1"]
[SourceVersionDate "2017.06.22"]
[SourceQuality "1"]

1. b3 Nf6 2. Bb2 g6 3. c4 Bg7 4. g3 0-0 5. Bg2 c6 6. d4 d5 7. Nd2 Bf5 8. Ngf3 Qc8 9. h3 Ne4 10. g4 Nxd2 11. Nxd2 Be6 12. Rc1 dxc4 13. Nxc4 Rd8 14. e3 Bd5 15. Bxd5 Rxd5 16. Qf3 Qe6 17. 0-0 Na6 18. Bc3 Rad8 19. Nb2 Qf6 20. Qxf6 Bxf6 21. Nd3 b6 22. Rc2 c5 23. Nf4 R5d7 24. dxc5 Bxc3 25. c6 Rc7 26. Rxc3 Nb4 27. Rc4 Nxa2 28. Ra1 Rd2 29. Rxa2 1-0

[Event "Wellington Easter op"]
[Site "Wellington"]
[Date "2017.04.15"]
[Round "4"]
[White "Goodhue, Nathan"]
[Black "Wells, Clinton A"]
[Result "1/2-1/2"]
[WhiteElo "1998"]
[BlackElo "1932"]
[PlyCount "57"]
[EventDate "2017.04.14"]
[EventType "swiss"]
[EventRounds "6"]
[EventCountry "NZL"]
[SourceTitle "CBM 178 Extra"]
[Source "ChessBase"]
[SourceDate "2017.06.22"]
[SourceVersion "1"]
[SourceVersionDate "2017.06.22"]
[SourceQuality "1"]

1. b3 e5 2. Bb2 Nc6 3. e3 d5 4. Bb5 Bd6 5. Bxc6+ bxc6 6. c4 f6 7. Ne2 Be6 8. d3 Bb4+ 9. Nd2 Ne7 10. a3 Bxd2+ 11. Qxd2 Rb8 12. Qc2 0-0 13. Bc3 c5 14. 0-0 d4 15. exd4 cxd4 16. Bb4 Re8 17. Bc5 Rb7 18. b4 Ng6 19. Rae1 Nf8 20. b5 Nd7 21. Bb4 a6 22. bxa6 Ra7 23. a4 c5 24. Bd2 Rxa6 25. Ra1 e4 26. Nf4 Bf5 27. dxe4 Bxe4 28. Qa2 Bc6 29. a5 1/2-1/2

[Event "Auckland Summer Cup-B"]
[Site "Auckland"]
[Date "2017.03.20"]
[Round "6"]
[White "MacDonald, Paul"]
[Black "Goodhue, Nathan"]
[Result "1/2-1/2"]
[WhiteElo "1972"]
[BlackElo "1952"]
[PlyCount "57"]
[EventDate "2017.02.13"]
[EventType "tourn"]
[EventRounds "7"]
[EventCountry "NZL"]
[SourceTitle "EXT 2018"]
[Source "ChessBase"]
[SourceDate "2017.10.13"]
[SourceVersion "1"]
[SourceVersionDate "2017.10.13"]
[SourceQuality "1"]

1. b3 b6 2. Bb2 Bb7 3. e3 e6 4. Nf3 f5 5. Be2 Nf6 6. 0-0 Be7 7. c4 0-0 8. Nc3 Ne4 9. d3 Nxc3 10. Bxc3 Bf6 11. d4 d6 12. Qc2 Nd7 13. Nd2 c5 14. Bf3 Qc7 15. Bxb7 Qxb7 16. Rad1 Rad8 17. dxc5 bxc5 18. Ba5 Nb6 19. e4 Bd4 20. Nf3 e5 21. exf5 Qf7 22. Nxd4 exd4 23. Rfe1 Qxf5 24. Qxf5 Rxf5 25. Re7 Rd7 26. Rde1 Rxe7 27. Rxe7 Rf7 28. Re8+ Rf8 29. Re7 1/2-1/2

[Event "Oceania zt 3.6"]
[Site "Auckland"]
[Date "2017.01.18"]
[Round "7"]
[White "Zhang, William Jie Wen"]
[Black "Goodhue, Nathan"]
[Result "1/2-1/2"]
[WhiteElo "1856"]
[BlackElo "1966"]
[PlyCount "53"]
[EventDate "2017.01.14"]
[EventType "swiss"]
[EventRounds "9"]
[EventCountry "NZL"]
[SourceTitle "EXT 2018"]
[Source "ChessBase"]
[SourceDate "2017.10.13"]
[SourceVersion "1"]
[SourceVersionDate "2017.10.13"]
[SourceQuality "1"]

1. d4 e6 2. c4 f5 3. Nf3 d5 4. g3 Nf6 5. Bg2 c6 6. 0-0 Bd6 7. b3 Qe7 8. a4 a5 9. Ba3 Bxa3 10. Nxa3 Na6 11. Ne5 0-0 12. Nc2 Nd7 13. Nd3 b6 14. Nce1 Nb4 15. Qd2 Nxd3 16. Nxd3 Ba6 17. Rfc1 Rac8 18. Qe3 Rfe8 19. Ra2 Qf6 20. Ne5 Nxe5 21. dxe5 Qd8 22. Rd2 Re7 23. c5 b5 24. Ra1 bxa4 25. Rxa4 Bb5 26. Ra3 Ra8 27. Qc3 1/2-1/2

[Event "NZL-ch op 124th"]
[Site "Wellington"]
[Date "2017.01.08"]
[Round "8"]
[White "Morrell, Gordon"]
[Black "Goodhue, Nathan"]
[Result "1/2-1/2"]
[WhiteElo "2089"]
[BlackElo "1966"]
[PlyCount "45"]
[EventDate "2017.01.01"]
[EventType "swiss"]
[EventRounds "9"]
[EventCountry "NZL"]
[SourceTitle "CBM 176 Extra"]
[Source "ChessBase"]
[SourceDate "2017.03.02"]
[SourceVersion "1"]
[SourceVersionDate "2017.03.02"]
[SourceQuality "1"]

1. c4 c5 2. Nf3 Nc6 3. d4 cxd4 4. Nxd4 e5 5. Nb5 d6 6. N1c3 a6 7. Na3 f5 8. g3 Nf6 9. Bg2 Be6 10. e4 Nxe4 11. Nxe4 fxe4 12. Bxe4 Be7 13. 0-0 Qd7 14. Be3 0-0 15. f3 Bf5 16. Bd5+ Kh8 17. Qd2 Bf6 18. Rad1 Be7 19. Nb1 Bxb1 20. Rxb1 Bf6 21. Rbd1 Nd4 22. b3 Rac8 23. Bxd4 1/2-1/2